Top Food Chains (US) Quiz Stats

 Plays Quiz Updated Apr 6, 2018

Score 0/100 Timer 12:00
5 Plays Today
Rank Restaurant/Take-Out Food Chain % Correct
1McDonald's
99.2%
4Burger King
96.7%
6Wendy's
90.3%
5Taco Bell
84.5%
3Subway
80.6%
9Pizza Hut
79.8%
13KFC
78.3%
10Domino's Pizza
72.4%
19Arby's
64.8%
2Starbucks
63.3%
24Papa John's
61.7%
14Applebee's Neighborhood Grill & Bar
56.9%
12Sonic
52.8%
7Dunkin' Donuts
52.4%
15Olive Garden
50.3%
56In-N-Out Burger
50.2%
21Dairy Queen (Orange Julius)
48.5%
42T.G.I. Friday's
47.5%
20Chili's Grill & Bar
47.4%
16Chipotle Mexican Grill
46.4%
8Chick-fil-A
46.2%
26Popeyes Louisiana Kitchen
45.9%
22Jack in the Box
45.6%
25Panda Express
44.3%
32Hardee's
44%
86Long John Silver's
42.8%
29Red Lobster
41.5%
76White Castle
40.6%
11Panera Bread
39.7%
28Outback Steakhouse
39.6%
17Little Caesars
39.6%
23IHOP
37.5%
27Denny's
35.4%
73Baskin-Robbins
32.7%
Rank Restaurant/Take-Out Food Chain % Correct
41Five Guys Burgers and Fries
32.1%
46Ruby Tuesday
30.6%
39Carl's Jr.
29.8%
57Qdoba Mexican Grill
28.2%
40Red Robin Gourmet Burgers
28.2%
82Checkers Drive-In (Rally's Hamburgers)
28.2%
67Moe's Southwest Grill
26.8%
47Steak 'n Shake
26.1%
60Tim Horton's
26%
55Jersey Mike's Subs
25.6%
33Jimmy John's Gourmet Sandwiches
25.5%
51P.F. Chang's China Bistro
25.4%
35The Cheesecake Factory
25.2%
98Hungry Howie's Pizza
24.4%
68Firehouse Subs
24.3%
61Krispy Kreme Doughnuts
24.2%
31Cracker Barrel Old Country Store
23.1%
44Waffle House
22.9%
54Church's Chicken
22.7%
18Buffalo Wild Wings
22.5%
91Cicis Pizza
21.6%
30Texas Roadhouse
21%
80Jamba Juice
20.9%
71Boston Market
20.9%
34Whataburger
19.6%
53Hooters
19.6%
38LongHorn Steakhouse
18.9%
64Del Taco
18.5%
37Golden Corral Buffet & Grill
17.3%
59California Pizza Kitchen
16.9%
79Auntie Anne's
16.9%
50Wingstop
16.7%
45Bojangles' Famous Chicken 'n Biscuits
15.1%
49Bob Evans
15%
Rank Restaurant/Take-Out Food Chain % Correct
43Culver's Frozen Custard & ButterBurgers
15%
70Perkins Restaurant & Bakery
14.3%
36Zaxby's
14.2%
52Papa Murphy's Take ‘N' Bake Pizza
13.8%
95Chuck E. Cheese's
13.7%
77Noodles & Company
13.6%
65Carrabba's Italian Grill
13.2%
88Potbelly Sandwich Shop
13.2%
81Captain D's Seafood Kitchen
12.8%
97Einstein Bros. Bagels
12.2%
62Cheddar's Scratch Kitchen
12.1%
58El Pollo Loco
12%
92Krystal Company
11.8%
100Joe's Crab Shack
11.7%
63Raising Cane's Chicken Fingers
11.5%
87Dave & Buster's
11%
84O'Charley's
9.5%
75Logan's Roadhouse
9.4%
74McAlister's Deli
8.7%
85Marco's Pizza
8.4%
72Bonefish Grill
8.4%
66Jason's Deli
8.4%
69Ruth's Chris Steak House
8.2%
90Famous Dave's Legendary Pit Bar-B-Que
8%
94Maggiano's Little Italy
7.9%
99Corner Bakery Cafe
7.2%
93The Capital Grille
7.1%
78Dickey's Barbecue Pit
6.6%
96Pollo Tropical
6.5%
83Yard House
6.1%
89Round Table Pizza
5.4%
48BJ's Restaurant & Brewhouse
5.4%

You're not logged in!

Compare scores with friends on all Sporcle quizzes.
OR
Log In

Show Comments

Extras

Top Quizzes Today


Score Distribution

Your Account Isn't Verified!

In order to create a playlist on Sporcle, you need to verify the email address you used during registration. Go to your Sporcle Settings to finish the process.

Report this User

Report this user for behavior that violates our Community Guidelines.

Details: